[Adhesiu] Dents sanes... dents maques! : renta't les dents després de cada àpat! renta't les dents després de cada àpat!
Descripción Física:
1 adhesiu : il·lustracions ; 12 x 12 cm
Idioma:
Catalán
MARC
| LEADER | 00000nrm a2200000 a 4500 | ||
|---|---|---|---|
| 001 | 26069 | ||
| 008 | 220628b spa||||| |||| 00| 0 cat d | ||
| 017 | |a DL B 10972-2013 | ||
| 080 | |a NBM-14-25 | ||
| 245 | |a [Adhesiu] Dents sanes... dents maques! : |b renta't les dents després de cada àpat! | ||
| 260 | |a Barcelona : |b Diputació de Barcelona, |c 2013 | ||
| 300 | |a 1 adhesiu : |b il·lustracions ; |c 12 x 12 cm | ||
| 650 | 0 | |9 30892 |a Dents |x Cura i higiene | |
| 650 | 0 | |9 54098 |a Objectes publicitaris | |
| 655 | 0 | |9 53155 |a Adhesius (Etiquetes) | |
| 710 | 1 | |a Barcelona (Catalunya : Província). |b Diputació |9 52408 | |
| 942 | |2 udc |c ARXIU |n 1 | ||
| 952 | |0 0 |1 0 |4 0 |6 NBM1425 |7 1 |9 62550 |a Arxiu |b Arxiu |d 2022-06-28 |l 0 |o NBM-14-25 |p 26069 |r 2022-06-28 00:00:00 |w 2022-06-28 |y ARXIU | ||
| 999 | |c 82149 |d 82149 | ||